[Event "EICC 2017"]
[Site "Minsk"]
[Date "2017.06.10"]
[Round "11"]
[White "Balashov, Yuri S"]
[Black "Baron, Tal"]
[Result "0-1"]
[WhiteElo "2408"]
[BlackElo "2540"]
[Annotator "TA"]
[PlyCount "70"]
[EventDate "2017.??.??"]
[EventCountry "BLR"]
[SourceTitle "playchess.com"]
[Source "ChessBase"]
[SourceQuality "1"]

{[%evp 14,70,19,17,29,10,17,17,18,16,8,10,34,0,0,0,0,0,0,0,0,-30,0,0,0,0,0,-42,-54,-57,-50,-50,-44,-54,-37,-58,-39,-62,-36,-47,-43,-43,-41,-41,-27,-31,-36,-91,-65,-56,-75,-71,-54,-555,-548,-500,-541,-750,-742]} 1. d4 Nf6 2. c4 e6 3. Nc3 Bb4 4. e3 O-O 5. Bd3 c5 6. Nf3 b6 7. O-O Bb7 8. Na4 cxd4 {E43: Nimzo-Indian: Rubinstein: 4...b6} 9. a3 (9. exd4 Be7 10. Bf4 Na6 11. Rc1 Rc8 12. Qe2 d6 13. a3 Nc7 14. Rfe1 Re8 15. b4 h6 16. Nc3 Bf8 17. Rcd1 Qd7 {0-1 (52) Salem,A (2656)-Jobava,B (2702) Doha 2016}) 9... Bd6 10. exd4 Bxf3 {The position is equal.} 11. Qxf3 ({Don't go for} 11. gxf3 $2 Nh5 $19) 11... Nc6 12. Be3 e5 13. Rad1 {[#]} exd4 $146 {Strongly threatening ...Ne5.} ({Predecessor:} 13... Re8 14. Be2 Nxd4 15. Bxd4 exd4 16. Rxd4 {1-0 (50) Milanovic,D (2485)-Bogosavljevic,B (2527) Pirot 2016}) 14. Bg5 Be7 15. Rfe1 h6 $36 {[%mdl 2048] Black has some pressure.} 16. Bh4 Rc8 17. Bf5 Rc7 18. b4 d6 19. Nb2 Re8 20. Qe2 {Black must now prevent Bxf6.} g5 {And now ...Bf8 would win.} 21. Bg3 Bf8 22. Qd2 Rxe1+ 23. Rxe1 Re7 (23... Nh5 {is interesting.} 24. Be4 Bg7 25. Qe2 Nxg3 26. hxg3 Ne5) 24. f3 Bg7 25. Rxe7 Qxe7 (25... Nxe7 {with more complications.} 26. Bc2 Nh5 27. Be1 Nf4 28. Bg3 Neg6) 26. Bf2 d5 27. Qc2 dxc4 28. Qxc4 Qd6 (28... Ne5 $5 {[%cal Re5c4]} 29. Qc8+ (29. Qxd4 Nfg4 $15) 29... Ne8 $15) 29. Nd3 Ne7 30. g4 (30. Bg3 $15 Qd8 31. Ne5 Nxf5 32. Qxf7+ Kh8 33. Qe6) 30... Nfd5 31. Bg3 Qd8 32. Be4 {[#]} Nc3 $1 33. Ne5 $2 {[%mdl 8192] [#]} (33. Qc7 $1 $15 Qxc7 34. Bxc7) 33... Bxe5 $1 $19 {Black is clearly winning.} 34. Bxe5 Nxe4 35. fxe4 d3 {Precision: White = 40%, Black = 80%.} 0-1

[Event "EICC 2017"]
[Site "Minsk"]
[Date "2017.06.10"]
[Round "11"]
[White "Nikitenko, Mihail"]
[Black "Sivuk, Vitaly"]
[Result "1-0"]
[WhiteElo "2408"]
[BlackElo "2520"]
[Annotator "TA"]
[PlyCount "93"]
[EventDate "2017.??.??"]
[EventCountry "BLR"]
[SourceTitle "playchess.com"]
[Source "ChessBase"]
[SourceQuality "1"]

{[%evp 23,93,18,9,6,10,-13,-11,0,-11,-20,0,-5,15,-13,-10,-77,30,14,42,21,32,33,50,54,47,21,93,81,144,148,210,212,204,60,75,67,127,44,99,100,90,96,97,50,48,47,63,52,106,110,129,121,133,116,273,282,348,326,325,313,481,479,569,569,780,780,728,731,1447,1382,2021,1943]} 1. e4 e5 2. Nf3 Nc6 3. Bb5 a6 4. Ba4 Nf6 5. O-O Be7 6. d3 b5 7. Bb3 d6 8. c3 O-O 9. Nbd2 Na5 10. Bc2 c5 11. Re1 Nc6 12. Nf1 Be6 13. Ng3 {C90: Closed Ruy Lopez with 7...d6: Early deviations} (13. Ne3 h6 14. h3 Re8 15. a4 b4 16. Bb3 Rb8 17. Bc4 Qc8 18. Nh2 bxc3 19. bxc3 Na5 20. Bxe6 fxe6 {½-½ (75) Fressinet,L (2712)-Sargissian,G (2689) Reykjavik 2015}) 13... Qc7 14. h3 Rad8 {[#]} 15. a4 $146 {The position is equal.} ({Predecessor:} 15. Qe2 h6 16. Bd2 Rfe8 17. a4 d5 18. axb5 axb5 19. exd5 Bxd5 20. Nh2 Be6 21. Rad1 Nd5 22. Qe4 Nf6 23. Qe2 Nd5 24. Qe4 Nf6 {½-½ (24) Vajda,L (2557)-Mastrovasilis,D (2607) Brasov 2011}) 15... b4 16. Ng5 Bd7 17. Bb3 {[%cal Bc2b3,Bb3a2,Ba2b1][%mdl 32]} Na5 18. Ba2 Rb8 19. f4 (19. Nf3 $11) 19... b3 (19... bxc3 $17 20. bxc3 c4 21. dxc4 Nxc4) 20. Bb1 $1 $11 Nc6 21. Rf1 c4 22. Kh1 Na5 23. d4 {[%cal Bd3d4,Bd4d5][%mdl 32]} Nc6 24. Nf3 (24. d5 $5 {[%cal Rd5c6]}) 24... Rbd8 (24... exd4 $11 25. Nxd4 Rfc8) 25. Be3 $16 Qc8 (25... Ne8 $142) 26. d5 Nb8 (26... Na5 $16 {keeps fighting.}) 27. fxe5 $18 dxe5 28. Kh2 ({Don't take} 28. Nxe5 Qc7 $16) (28. Qe2 $18) 28... Qc7 $14 29. a5 Rc8 (29... g6 $14) 30. Qe1 (30. Nxe5 $16 Bd6 31. Bb6) 30... Bc5 ({Better is} 30... g6 $14) 31. Bxc5 $16 Qxc5 32. Nxe5 {[#] Rxf6! is the strong threat.} Rfe8 33. Nxd7 Nbxd7 34. Nf5 Ne5 35. Qg3 {[%csl Gf5][%cal Rg3g7]} (35. Nh6+ $5 Kf8 36. Nf5 $14) 35... Qf8 (35... g6 $1 $14) 36. Nxg7 Nfg4+ 37. hxg4 {[%cal Bh3g4,Bg4g5,Bg5h6][%mdl 32]} Qxg7 38. g5 h6 $2 (38... Rcd8 $16 39. Ra4 Rd6) 39. gxh6 $18 {[%csl Gh6][%cal Rg3g7] [#]} Qxg3+ 40. Kxg3 Kh7 41. Rf5 Kg6 (41... Kxh6 $142 42. Rf6+ Kg5 43. Rf5+ (43. Rxa6 Rh8 $18) 43... Kg6) 42. Ra4 {White is clearly winning.} f6 43. Rb4 Rb8 44. Rxb8 Rxb8 45. Kf4 Rh8 46. g4 Nf7 47. e5 {Precision: White = 41%, Black = 19%.} 1-0

[Event "EICC 2017"]
[Site "Minsk"]
[Date "2017.06.10"]
[Round "11"]
[White "Sadovsky, Artem"]
[Black "Kanarek, Marcel"]
[Result "0-1"]
[WhiteElo "2407"]
[BlackElo "2530"]
[Annotator "TA"]
[PlyCount "218"]
[EventDate "2017.??.??"]
[EventCountry "BLR"]
[SourceTitle "playchess.com"]
[Source "ChessBase"]
[SourceQuality "1"]

{[%evp 27,218,22,24,-7,0,0,-2,-13,-31,-35,-16,-100,0,0,0,0,35,35,42,47,213,223,186,56,62,0,112,104,254,252,235,241,232,234,297,0,0,2,0,-28,-28,-23,-20,-22,0,-68,-57,-200,-198,-203,-205,-203,-87,-95,-87,-145,-77,-77,-80,-75,-75,-77,-77,-87,-16,-74,-77,-85,-71,-85,-26,-30,-6,-8,0,0,0,-33,-32,-152,-156,-110,-129,-441,-441,-441,-441,-441,-441,-449,-449,-449,-449,-449,-69,-69,-69,-69,-69,-69,-58,-56,0,-69,-69,-69,-69,-69,-69,-64,-8,-8,-8,-8,-8,-8,-8,-8,-8,-8,-8,-8,-8,-8,-8,-8,-8,-8,-8,-8,-8,-8,-8,-8,-8,-8,-8,-8,-8,-8,-8,-8,-8,-8,-8,-8,-8,-8,-8,-8,-8,-8,-8,-8,-8,-8,-8,-8,-8,-69,-69,-76,-64,-64,-8,-8,-8,-8,-8,-8,-8,-8,-8,-8,-8,-8,-8,-8,0,-8,-8,-8,-8,-35,-25,-29988,-29989,-29989,-29990,-29991,-29992,-29992,-29993]} 1. c4 c5 2. g3 Nc6 3. Bg2 g6 4. e3 Bg7 5. Ne2 e5 6. Nbc3 Nge7 7. a3 O-O 8. Rb1 a5 9. O-O d6 10. d3 Rb8 11. Bd2 Be6 12. Nd5 b5 {A36: Symmetrical English vs ...g6: 4 Bg2 Bg7} 13. cxb5 (13. b3 b4 14. Ra1 Bf5 15. Nxe7+ Nxe7 16. axb4 axb4 17. Bc1 Qd7 18. Ra6 d5 19. e4 Qb7 20. Rd6 {½-½ (32) Hammer,J (2689)-Rambaldi,F (2554) Drancy 2016}) 13... Rxb5 14. Qa4 Qb8 {LiveBook: 5 Games. The position is equal.} 15. Nec3 (15. Nc7 $5 {[%cal Rc7b5]} Rxb2 16. Rxb2 Qxb2 17. Nxe6 fxe6 18. Rd1 $11) 15... Rb3 16. Nxe7+ Nxe7 17. Qxa5 $146 ({Predecessor:} 17. Ne4 Rxd3 18. Bxa5 Ba2 19. Ra1 Qxb2 20. Bc3 Qb3 21. Qd7 Nd5 22. Ba5 Qxa3 23. Bc7 Qa7 24. Qxd6 Ra3 25. Rxa2 {½-½ (25) Biehler,T (2325)-Srokowski,J (2435) Germany 1997}) 17... Rc8 (17... Bf5 $5 {[%cal Rf5d3]} 18. Be4 Be6 $15) 18. Rfc1 d5 {[%mdl 1024] Black has compensation.} 19. e4 (19. Be1 $11) 19... Nc6 (19... d4 $17 20. Nd5 Bf8) 20. Qa4 $11 d4 21. Nd5 $36 {[%mdl 2048] White has good play.} Bf8 22. Bb4 Rxd3 23. Bxc5 Bh6 $2 (23... Qb3 $1 $14 24. Qxb3 Rxb3) 24. Bf1 $18 Qb3 25. Qxb3 (25. Rc4 $1 $18) 25... Rxb3 $14 26. Bc4 (26. Re1 $14) 26... Bxc1 (26... Bxd5 $1 $11 27. Bxd5 Bxc1 28. Bxb3 Na5) 27. Bxb3 $16 Na5 (27... Bg5 $16) 28. Ne7+ $18 ({And not} 28. Rxc1 Nxb3 29. Ne7+ Kg7 $15) 28... Kg7 29. Bxe6 $1 ({Not} 29. Nxc8 Nxb3 30. Nd6 d3 $15) 29... Rxc5 30. b4 Rc2 31. Bg4 $2 (31. bxa5 $18 fxe6 32. a6) 31... Bxa3 $11 32. Bd1 Rd2 33. Nd5 Nc4 34. Bb3 Nd6 35. f3 Nb5 36. Ra1 (36. Bc4 $11 Nd6 37. Bf1) 36... d3 $1 $15 37. Bc4 (37. Ba4 $15 Bb2 38. Rd1 Bd4+ 39. Kf1 Rxh2 40. Rxd3) 37... Bb2 $19 38. Re1 Bd4+ 39. Kh1 Na3 (39... Nd6 $19 40. Ba6 f5 41. exf5 gxf5) 40. Ba6 $17 Nc2 41. Rb1 (41. Rc1 $142) 41... Ne3 (41... Bf2 $142 $1 42. f4 Ne1) 42. Nxe3 Bxe3 {[%mdl 4096] Endgame KRB-KRB} 43. Bc4 f5 44. b5 Bb6 $1 45. h4 Kf6 (45... h5 $17 46. Rf1 g5 $1 {[%mdl 512]} 47. hxg5 Kg6 48. exf5+ Kxg5) 46. Re1 (46. Rb3 $11) 46... h5 47. Ra1 {next Ra6 is good for White.} Ke7 48. Rb1 Ke8 (48... Rf2 $17 49. exf5 gxf5 50. Bxd3 Rxf3) 49. Re1 fxe4 50. fxe4 Kd7 51. Rf1 Bd4 52. Bf7 (52. b6 $5) 52... Re2 {Threatens to win with ...d2.} 53. Bxg6 {[#]} (53. Bc4 $1 $15) 53... d2 $1 {And now ...Re1 would win.} 54. Bxh5 Rxe4 55. Rd1 $2 {[%mdl 8192]} (55. Kg2 $17 {was the crucial defense.}) 55... Re1+ $19 56. Kg2 {[#]} Bc3 $1 57. Bg4+ Kc7 58. h5 e4 {Hoping for ...e3.} 59. h6 e3 60. h7 e2 $2 (60... Kb6 $19 61. Kf3 Rxd1) 61. h8=Q $15 Bxh8 {[#]} 62. Bxe2 $1 {[%mdl 512]} Rxe2+ {KRB-KR} 63. Kf1 $1 {[%cal Rf1e2]} Rh2 (63... Re3 $5 {[%cal Rh8c3]} 64. Rxd2 Kb6 $17) 64. Kg1 Re2 65. Kf1 Re3 {aiming for ...Bc3.} 66. Rxd2 Rxg3 67. Ke2 Rg5 68. Kd3 Rxb5 ({Better is} 68... Kb6 $15) 69. Kc4 $11 Rh5 70. Rd5 Rh4+ 71. Kb5 Bf6 72. Rc5+ Kd7 73. Rd5+ Ke6 74. Rd1 Be7 75. Re1+ Kd7 76. Rd1+ Bd6 77. Rb1 Rd4 78. Rb3 Ke6 79. Kc6 Rc4+ 80. Kb5 Rc5+ 81. Kb6 Rc8 82. Rh3 Be5 83. Rd3 Bc3 84. Kb5 Ke5 85. Rd7 Bd4 86. Re7+ Kd6 87. Rh7 Bc3 88. Rh5 Be5 89. Kb4 Kd5 90. Kb3 Rc3+ 91. Kb4 Rf3 92. Rg5 Rf2 93. Ka3 (93. Kb5 $11) 93... Re2 {...Kc4 is the strong threat.} 94. Rg8 Re3+ 95. Ka4 Bd6 ({Black should play} 95... Kc6 $1 $15) 96. Rc8 Bc5 97. Kb5 $1 Rb3+ 98. Ka6 Kc4 99. Rc6 Rb8 100. Rg6 Be3 101. Re6 Bd4 102. Rc6+ Bc5 103. Re6 Kd5 104. Rh6 Bd6 105. Ka7 Rb1 {( -> ...Kc6)} (105... Rb2 $5 {[%cal Rd5c6]} 106. Ka6 Kc6 $15) 106. Ka6 $2 {[%mdl 8192]} (106. Rh5+ $11 Kc6 107. Ra5 Bc5+ 108. Ka8 Rd1 109. Rxc5+ Kxc5 110. Kb7 Rd7+ 111. Kc8 Kc6 112. Kb8 Rd6 113. Ka8 Kb6 114. Kb8 Rd8#) 106... Kc6 {[%cal Rb1a1] Black mates.} 107. Rh5 Rb8 {[%cal Rb8a8]} 108. Ka7 Re8 109. Rh6 Re1 {Precision: White = 60%, Black = 52%.} 0-1

[Event "EICC 2017"]
[Site "Minsk"]
[Date "2017.06.10"]
[Round "11"]
[White "Tunik, Gennady"]
[Black "Sedlak, Nikola"]
[Result "0-1"]
[WhiteElo "2384"]
[BlackElo "2543"]
[Annotator "TA"]
[PlyCount "106"]
[EventDate "2017.??.??"]
[EventCountry "BLR"]
[SourceTitle "playchess.com"]
[Source "ChessBase"]
[SourceQuality "1"]

{[%evp 24,106,21,16,16,-8,12,12,14,6,33,29,33,21,26,10,24,0,48,36,48,20,55,35,64,14,22,-5,-5,-6,-6,-232,-232,-232,-230,-218,-210,-268,-268,-252,-254,-257,-199,-195,-202,-203,-203,-203,-203,-208,-207,-227,-227,-227,-227,-227,-227,-463,-470,-463,-463,-463,-456,-454,-430,-350,-329,-274,-274,-274,-267,-258,-258,-1181,-1100,-2288,-2052,-4670,-4622,-4627,-4574,-4627,-4134,-4627,-4625]} 1. d4 Nf6 2. c4 g6 3. Nc3 d5 4. cxd5 Nxd5 5. e4 Nxc3 6. bxc3 Bg7 7. Nf3 c5 8. Be3 Qa5 9. Qd2 Nd7 {D85: Exchange Grünfeld: Unusual White 7th moves and lines with 7 Nf3} 10. Bd3 O-O 11. Rc1 e5 12. dxe5 Nxe5 13. Nxe5 {LiveBook: 5 Games} Bxe5 14. Bc4 Rd8 15. Bd5 Be6 {Strongly threatening ...Bxd5.} 16. c4 Qxd2+ 17. Kxd2 {[#]} b5 $146 ({Predecessor:} 17... Bxd5 18. exd5 b5 {½-½ (18) Brunello,S (2575)-Vachier Lagrave,M (2758) Condino 2014}) 18. Kd3 a6 19. f4 Bc7 20. g3 Bxd5 21. exd5 Bd6 22. a3 Bf8 23. Rhd1 h5 24. f5 gxf5 25. Rf1 bxc4+ 26. Kxc4 Re8 27. Bxc5 $2 (27. Bd2 $11) 27... Rac8 $19 28. d6 {[#]} Re5 $1 {[%cal Re5c5]} ({Not} 28... Bxd6 29. Kd5 $11) 29. Kb4 ({But not} 29. Kd4 Bg7 $19) 29... a5+ $1 30. Ka4 Rcxc5 31. Rxc5 Rxc5 {[%mdl 4096] Endgame KRB-KR} 32. Rd1 Rc8 33. d7 Rd8 34. Rd3 Kg7 35. Kxa5 {[#]} Bxa3 $1 {[%mdl 512]} 36. Rxa3 Rxd7 {And now ...Ra7+ would win. KR-KR} 37. Kb6 Rd2 38. h4 Rc2 39. Kb5 Kf6 40. Kb4 $2 (40. Re3 {was the only defense.}) 40... Ke5 41. Re3+ Kd4 42. Rf3 Ke4 43. Rf4+ Ke5 44. Rf3 f6 45. Re3+ Kd4 46. Rf3 Ke4 47. Rf4+ Ke5 48. Rf1 $2 (48. Rf3) 48... Rg2 {Black is clearly winning.} 49. Rf3 {[#]} f4 $1 {[%mdl 512]} 50. gxf4+ (50. Rxf4 Rxg3) 50... Ke4 51. Rf1 f5 52. Kc3 Rh2 53. Ra1 Rxh4 {Precision: White = 27%, Black = 74%.} 0-1

[Event "EICC 2017"]
[Site "Minsk"]
[Date "2017.06.10"]
[Round "11"]
[White "Lavrov, Maxim"]
[Black "Bocharov, Dmitry"]
[Result "1/2-1/2"]
[WhiteElo "2369"]
[BlackElo "2574"]
[Annotator "TA"]
[PlyCount "89"]
[EventDate "2017.??.??"]
[EventCountry "BLR"]
[SourceTitle "playchess.com"]
[Source "ChessBase"]
[SourceQuality "1"]

{[%evp 17,89,16,14,-8,10,0,0,0,0,0,0,0,3,0,24,-55,-58,-56,-47,-52,-44,-50,-43,-85,-73,-122,-142,-140,-150,-162,-157,-166,-178,-202,-200,-251,-250,-229,-203,-207,-193,-179,-197,-193,-192,-195,-100,-218,-192,-194,-181,-190,-197,-172,-152,-147,-140,-135,-136,-119,-128,-110,0,0,30,0,0,0,0,0,0,0,0,0]} 1. e4 c6 2. d4 d5 3. e5 Bf5 4. Nf3 e6 5. Be2 Nd7 6. O-O h6 7. c4 dxc4 {B12: Caro-Kann: Advance Variation} 8. Bxc4 Ne7 9. Nc3 {[%cal Bb1c3,Bc3e4,Be4g3][%mdl 32]} Nb6 {LiveBook: 6 Games} (9... Nd5 10. Bd3 Bxd3 11. Qxd3 Be7 12. Bd2 N7b6 13. Rfc1 O-O 14. Ne4 a5 15. Ne1 {½-½ (50) Gonzalez,B (2531)-Dutra Neto,A (2416) ICCF email 2011}) 10. Bb3 Ned5 11. Re1 Be7 $146 ({Predecessor:} 11... Bb4 12. Bd2 O-O 13. a3 Be7 14. Ne4 Rc8 15. Rc1 Bxe4 16. Rxe4 {1-0 (32) Lardot,D (1916)-Skjonberg,S (1544) Naumburg 2002}) 12. Ne4 O-O 13. Ng3 Bg6 14. Bc2 Qe8 15. h4 Rc8 16. h5 (16. Bxg6 $11 fxg6 17. Ne4) 16... Bxc2 $15 17. Qxc2 c5 18. Qe4 cxd4 19. Nxd4 Qd7 $36 {[%mdl 2048] Black has some pressure.} 20. Bd2 Nc4 21. Bc3 b5 {And now ...b4 would win.} 22. Nb3 {[#]} a5 $1 {[%cal Ba7a5,Ba5a4][%mdl 544]} 23. Rad1 (23. Nxa5 Nxc3) 23... a4 {aiming for ...b4.} 24. Nc1 Rfd8 25. Nce2 Qc7 26. Bd4 Bb4 27. Bc3 {intending Bxb4.} Qa5 28. Bxb4 Qxb4 29. b3 axb3 30. axb3 Qxb3 31. Nd4 Qb2 (31... Qb4 $19 {Threatens to win with ...Nc3.} 32. Nge2 Qa5) 32. Ndf5 (32. Ngf5 $17 Qb4 33. Qg4 exf5 34. Nxf5) 32... Kh8 ({Resist} 32... exf5 33. Nxf5 Qxe5 34. Qxe5 $17) 33. Qg4 {[%csl Gf5][%cal Rg4g7]} Rg8 ({Weaker is} 33... exf5 34. Nxf5 Rg8 35. Rxd5 $16) 34. Nd6 {[#]} Nxd6 $1 35. exd6 Rc4 36. Qf3 Rf4 37. Qe2 Qxe2 38. Nxe2 Rc4 39. Nd4 b4 ({Black should play} 39... Nc3 $17 40. Rd3 Rd8) 40. Nf3 $1 $11 Rf8 {[#]} 41. Rxd5 $1 {[%mdl 512]} exd5 {The position is equal.} 42. d7 $1 {Black must now prevent Re8.} Re4 43. Rc1 $1 {[%cal Rc1c8]} Rc4 $1 {[%cal Rc4c1]} 44. Re1 $1 {[%cal Re1e8]} Re4 45. Rc1 $1 {Precision: White = 58%, Black = 68%.} 1/2-1/2

[Event "EICC 2017"]
[Site "Minsk"]
[Date "2017.06.10"]
[Round "11"]
[White "Lavrov, Maxim"]
[Black "Bocharov, Dmitry"]
[Result "*"]
[WhiteElo "2369"]
[BlackElo "2574"]
[Annotator "TA"]
[PlyCount "31"]
[EventDate "2017.??.??"]
[EventCountry "BLR"]
[SourceTitle "playchess.com"]
[Source "ChessBase"]
[SourceQuality "1"]

{[%evp 17,21,19,25,-15,0,0]} 1. e4 c6 2. d4 d5 3. e5 Bf5 4. Nf3 e6 5. Be2 Nd7 6. O-O h6 7. c4 dxc4 {B12: Caro-Kann: Advance Variation} 8. Bxc4 Ne7 9. Nc3 Nb6 {LiveBook: 6 Games} (9... Nd5 10. Bd3 Bxd3 11. Qxd3 Be7 12. Bd2 N7b6 13. Rfc1 O-O 14. Ne4 a5 15. Ne1 {½-½ (50) Gonzalez,B (2531)-Dutra Neto,A (2416) ICCF email 2011}) 10. Bb3 Ned5 11. Re1 {Predecessor:} Bb4 $146 12. Bd2 O-O 13. a3 Be7 14. Ne4 Rc8 15. Rc1 Bxe4 16. Rxe4 {1-0 (32) Lardot,D (1916)-Skjonberg,S (1544) Naumburg 2002} *

[Event "EICC 2017"]
[Site "Minsk"]
[Date "2017.06.10"]
[Round "11"]
[White "Birnboim, Nathan"]
[Black "Ladva, Ottomar"]
[Result "*"]
[WhiteElo "2358"]
[BlackElo "2530"]
[Annotator "TA"]
[PlyCount "38"]
[EventDate "2017.??.??"]
[EventCountry "BLR"]
[SourceTitle "playchess.com"]
[Source "ChessBase"]
[SourceQuality "1"]

{[%evp 21,22,-25,-10]} 1. Nf3 d5 2. c4 e6 3. g3 dxc4 4. Qa4+ Nd7 5. Qxc4 a6 6. Bg2 b5 7. Qc2 Bb7 8. O-O Ngf6 9. a4 c5 10. axb5 axb5 11. Rxa8 Bxa8 {Predecessor:} 12. d3 $146 Bd6 13. Na3 Qb8 14. Qb3 Bc6 15. Nd2 Bxg2 16. Kxg2 b4 17. Nac4 O-O 18. f4 Nb6 19. Nxb6 Qxb6 {1-0 (55) Zubarev,A (2583)-Malikentzos,S (2352) Paleochora 2014} *

[Event "EICC 2017"]
[Site "Minsk"]
[Date "2017.06.10"]
[Round "11"]
[White "Birnboim, Nathan"]
[Black "Ladva, Ottomar"]
[Result "1/2-1/2"]
[WhiteElo "2358"]
[BlackElo "2530"]
[Annotator "TA"]
[PlyCount "120"]
[EventDate "2017.??.??"]
[EventCountry "BLR"]
[SourceTitle "playchess.com"]
[Source "ChessBase"]
[SourceQuality "1"]

{[%evp 25,120,-6,0,-25,-29,-24,-22,-42,-34,-42,0,-9,-14,-19,0,0,0,0,0,0,0,0,83,0,0,0,10,10,80,87,87,77,95,108,99,43,55,20,24,0,0,0,0,0,0,0,285,0,0,0,8,0,16,16,16,8,8,8,31,0,8,-8,-8,-8,-8,-8,0,0,0,0,0,0,0,0,0,0,0,0,0,0,0,0,0,0,0,0,0,0,0,0,-1,-8,-8,-8,-8,-8,0]} 1. Nf3 d5 2. c4 e6 3. g3 dxc4 4. Qa4+ Nd7 5. Qxc4 a6 6. Bg2 b5 7. Qc2 Bb7 8. O-O Ngf6 9. a4 c5 10. axb5 axb5 11. Rxa8 Bxa8 12. d3 {A13: English Opening: 1...e6} Be7 13. Nc3 Qb6 {LiveBook: 44 Games} 14. Be3 (14. Qb3 Nd5 15. Bg5 Nxc3 16. Qxc3 f6 17. Bd2 O-O 18. Ra1 Bb7 19. Ne1 Bxg2 20. Nxg2 {1-0 (53) Aronian,L (2797)-Wojtaszek,R (2744) Beijing 2014}) 14... O-O 15. Ra1 Bc6 $146 ({Predecessor:} 15... Nd5 16. Nxd5 exd5 17. b4 d4 18. bxc5 Bxc5 19. Bd2 b4 20. Ne5 Nxe5 21. Bxa8 Rb8 22. Qb3 Nc6 23. Qa4 Na7 24. Bd5 Nc8 25. Qe8+ {1-0 (25) Klekowski,M (2457)-Rozycki,B (2174) Hucisko 2016}) 16. Qc1 Qb7 17. Ra5 Ng4 18. Bg5 f6 19. Bd2 c4 20. Nxb5 Bxb5 {[#]} 21. Ne5 $1 $36 {[%mdl 2560] White is pushing.} Qb6 (21... Ndxe5 22. Bxb7) 22. Nxg4 cxd3 23. exd3 Nc5 {[#]} (23... Bxd3 $11 24. Bc3 Be2) 24. Qe1 (24. Qc3 $1 $16 {Black must now prevent Be3.} Nb7 25. Bxb7 Qxb7 26. Qb3) 24... Bxd3 $11 25. Be3 Bf5 26. Qc3 Bxg4 (26... Qd8 $11 {remains equal.} 27. Bxc5 Qd1+ 28. Bf1 Bxc5 29. Nxf6+ gxf6 30. Rxc5 Bh3) 27. Bxc5 $16 Bxc5 28. Rxc5 Rb8 29. h3 Bf5 30. g4 (30. Qc4 $16 {Hoping for Rxf5.} Kf8 31. Rc8+ Rxc8 32. Qxc8+ Ke7 33. Qg8 Qxb2 34. Qxg7+ Kd6 35. Qf8+ Kd7 36. Qg7+ Kd6 37. Qf8+ Kd7 38. Qf7+ Kd6 39. Qf8+) 30... Bg6 $14 31. Rc8+ (31. b4 $5) 31... Be8 $1 32. b4 Rxc8 33. Qxc8 {[%cal Rc8e8]} Kf7 34. Qc5 Qxc5 35. bxc5 $11 {[%mdl 4096] Endgame Strongly threatening c6. KB-KB} e5 $2 {[%mdl 8192]} (35... Ke7 $11) 36. Kf1 $2 (36. c6 $18) 36... Ke6 37. Ke2 g6 38. Kd3 f5 39. Kc4 e4 40. Kd4 {Threatening gxf5+.} Bc6 41. Bf1 {And now Bc4+ would win.} Kf6 42. Bc4 {aiming for gxf5.} f4 {The position is equal.} 43. h4 {[%cal Bh3h4,Bh4h5][%mdl 32] g5+ is the strong threat.} h6 44. Bb3 g5 45. h5 $1 e3 46. fxe3 Bf3 47. exf4 gxf4 48. Ba4 Bxg4 49. Be8 Bf3 50. c6 Ke7 51. c7 Bg4 52. Bb5 Kd6 53. Be2 Bf5 (53... Bc8 {is more complex.} 54. Ke4 Kxc7 55. Kxf4 Kd6 56. Bd3 Be6) 54. c8=Q (54. Bf3 {keeps more tension.} Kxc7 55. Kd5 Bd7 56. Ke5 Bc8 57. Be2) 54... Bxc8 55. Ke4 f3 56. Kxf3 Ke5 57. Kg3 Bd7 58. Kh4 Kf4 59. Bd1 Be6 60. Be2 Bd7 {Precision: White = 52%, Black = 55%.} 1/2-1/2